[Event "Arco op 36th"]
[Site "Arco"]
[Date "2014.10.08"]
[Round "5"]
[White "Agostinelli, Andrea"]
[Black "Zangrando, Gianpietro"]
[Result "0-1"]
[WhiteElo "1717"]
[BlackElo "1864"]
[PlyCount "76"]
[EventDate "2014.10.04"]
[EventType "swiss"]
[EventRounds "9"]
[EventCountry "ITA"]
[SourceTitle "EXT 2016"]
[Source "ChessBase"]
[SourceDate "2015.10.08"]
[SourceVersion "1"]
[SourceVersionDate "2015.10.08"]
[SourceQuality "1"]

1. c4 e6 2. g3 c6 3. Bg2 d5 4. cxd5 exd5 5. d4 Nf6 6. Nf3 Be7 7. 0-0 0-0 8. Nc3 Re8 9. Bg5 h6 10. Bxf6 Bxf6 11. e3 Bf5 12. b4 a6 13. Qe2 Nd7 14. Rfc1 Nb6 15. Bf1 Nc8 16. Qb2 Nd6 17. Nd2 h5 18. a4 h4 19. b5 hxg3 20. hxg3 Rb8 21. Nb3 Nc4 22. Qe2 Qc8 23. Qe1 g6 24. Nd2 Nb2 25. Nxd5 Bxd4 26. e4 Qd8 27. bxc6 bxc6 28. Rxc6 Qg5 29. Nf3 Qxg3+ 30. Bg2 Bxe4 31. Nf6+ Bxf6 32. Rxf6 Qg4 33. Qe3 Nd3 34. Qa7 Rb7 35. Qe3 Kg7 36. Rxa6 Nf4 37. Qc3+ Kg8 38. Nh4 Ne2+ 0-1

[Event "Crema op 13th"]
[Site "Crema"]
[Date "2011.09.03"]
[Round "3"]
[White "Guzzetti, Luigi Enrico"]
[Black "Agostinelli, Andrea"]
[Result "1-0"]
[WhiteElo "1955"]
[BlackElo "1688"]
[PlyCount "123"]
[EventDate "2011.09.02"]
[EventType "swiss"]
[EventRounds "6"]
[EventCountry "ITA"]
[SourceTitle "EXT 2022"]
[Source "ChessBase"]
[SourceDate "2021.10.06"]
[SourceVersion "1"]
[SourceVersionDate "2021.10.06"]
[SourceQuality "1"]

1. e4 c5 2. Nf3 e6 3. d4 cxd4 4. Nxd4 Nf6 5. Nc3 Bb4 6. Bd3 Nc6 7. Be3 e5 8. Nf5 0-0 9. 0-0 d5 10. Nxd5 Nxd5 11. exd5 Qxd5 12. Qg4 g6 13. Nh6+ Kh8 14. Qh4 Be7 15. Bg5 Qd8 16. Bxe7 Qxe7 17. Qg3 f5 18. h4 Kg7 19. Qg5 Qxg5 20. hxg5 e4 21. Bc4 Nd4 22. Rfd1 Ne6 23. Bxe6 Bxe6 24. Rd6 Rae8 25. b3 Bc8 26. Re1 Rd8 27. Red1 Rxd6 28. Rxd6 Re8 29. c4 b6 30. Rc6 Be6 31. Rc7+ Kf8 32. Rxh7 Re7 33. Rh8+ Kg7 34. Rd8 f4 35. Kf1 f3 36. g3 Rd7 37. Rxd7+ Bxd7 38. Ke1 a5 39. Kd2 a4 40. bxa4 Be6 41. Ke3 Bxc4 42. a3 Bd5 43. Ng4 Bc6 44. Nf6 Bxa4 45. Nxe4 Kf7 46. Kxf3 Ke6 47. Kf4 Be8 48. g4 Bc6 49. Nf6 Ba4 50. Ke4 Bc2+ 51. Kd4 b5 52. Nd5 Bd1 53. Ne3 Be2 54. f4 Kf7 55. f5 gxf5 56. gxf5 Kg7 57. Ke5 Bd3 58. Nd5 Kf7 59. Nf4 Bc4 60. g6+ Ke7 61. f6+ Kf8 62. Ne6+ 1-0